| 000 | 00423nam a2200157Ia 4500 | ||
|---|---|---|---|
| 020 | _a(hb) | ||
| 082 |
_a355.41 _bCHE |
||
| 100 |
_aChesney, Lieut-Colonel C. H. R. _950108 |
||
| 245 | _aThe Art of Capmouflage | ||
| 260 |
_aLondon: _bRobert Hale Limited _c1941 |
||
| 300 | _a252p. | ||
| 526 |
_a0 _b0 _c0 _d355_410000000000000_CHE |
||
| 650 |
_aCamouflage (Miltary Science) _950109 |
||
| 650 |
_aMCE _9379 |
||
| 942 |
_2ddc _cBK |
||
| 999 |
_c552850 _d552850 |
||